Non-Capital Municipalities of the Philippines - Statistics

General Stats
  • This quiz has been taken 234 times
    129 since last reset
  • The average score is 37 of 83
Answers on the Map
Answers color-coded by a green-red scale on the quiz's map according to % correct below.
 
Answer Stats
Example % Correct
Caramoan, CAS
86%
Datu Piang, MGS
84%
El Nido, PLW
75%
Sariaya, QUE
74%
Talavera, NUE
73%
Echague, ISA
71%
Sablayan, MDC
68%
Taal, BTG
67%
Concepcion, TAR
66%
Los Baños, LAG
64%
Narvacan, ILS
64%
Bulakan, BUL
63%
Palo, LEY
62%
Aparri, CAG
60%
Odiongan, ROM
60%
Mondragon, NSA
59%
Rosario, LUN
59%
Alburquerque, BOH
58%
Manolo Fortich, BUK
58%
Solano, NUV
58%
Pateros, NCR
56%
Bolinao, PAN
55%
Masinloc, ZMB
55%
Mexico, PAM
55%
Kawit, CAV
53%
Argao, CEB
52%
Bangui, ILN
51%
Bucay, ABR
51%
Cainta, RIZ
51%
Maria Aurora, AUR
51%
Zamboanguita, NER
51%
Dinagat, DIN
49%
Katipunan, ZAN
49%
Mariveles, BAN
49%
Puerto Galera, MDR
49%
Donsol, SOR
48%
Miag-ao, ILI
48%
Pinukpuk, KAL
47%
Limasawa, SLE
45%
Bayugan, AGS
44%
Lianga, SUS
44%
Mainit, SUN
44%
Uson, MAS
44%
Hagonoy, DAS
42%
Lazi, SIG
41%
Torrijos, MAD
41%
Tuba, BEN
41%
Caramoran, CAT
40%
Daraga, ALB
40%
Las Nieves, AGN
40%
Molave, ZAS
40%
Malay, AKL
38%
Calatrava, NEC
37%
Hamtic, ANT
37%
Paracale, CAN
37%
Panay, CAP
36%
Plaridel, MSC
36%
Kapatagan, LAN
34%
Sagada, MOU
34%
Sarangani, DVO
34%
Conner, APA
33%
Titay, ZSI
33%
Diffun, QUI
32%
Laguindingan, MSR
32%
Banaue, IFU
30%
Compostela, COM
30%
Talaingod, DAV
30%
T'Boli, SCO
30%
Turtle Islands, TAW
30%
Gandara, WSA
29%
Itbayat, BTN
29%
Pikit, NCO
29%
Buenavista, GUI
27%
Glan, SAR
27%
Kalamansig, SUK
27%
Balangiga, ESA
26%
Wao, LAS
25%
Biliran, BIL
23%
Cateel, DAO
23%
Patikul, SLU
23%
Catarman, CAM
19%
Sultan Kudarat, MGN
18%
Sumisip, BAS
16%
No matching quizzes found
Score Distribution
Percent of People with Each Score
Percentile by Number Answered
Your Score History
You have not taken this quiz since the last reset